| 000 | 00751nam a22001937a 4500 | ||
|---|---|---|---|
| 008 | 170811b xxu||||| |||| 00| 0 eng d | ||
| 082 |
_22016 _aUT 0831 _bAl16 |
||
| 100 |
_921948 _aAlcasid, Cleo Jane A. |
||
| 245 |
_aKamayan Grill/ _cCleo Jane A. Alcasid, Chreslie Cole, Jeamuel Jan Concha, Prince Segmond Hermosisima, Antonette Manlangit and Analyn Noya. |
||
| 260 |
_aDigos City: _bUMDC _c2016. |
||
| 300 |
_a27 pages; _c29 cm. |
||
| 650 | 0 |
_921950 _aBusiness Administration _vFinancial Management _xUndergraduate thesis. |
|
| 700 |
_921951 _aCole, Chreslie. |
||
| 700 |
_921952 _aConcha, Jeamuel Jan. |
||
| 700 |
_921953 _aHermosisima, Prince Segmond. |
||
| 700 |
_921954 _aManlangit, Antonette. |
||
| 700 |
_921955 _aNoya, Analyn. |
||
| 942 |
_2ddc _cUT |
||
| 999 |
_c7244 _d7244 |
||